000 00623nam a2200241Ia 4500
003 OSt
005 20220928102030.0
006 a|||||r|||| 00| 0
007 ta
008 220927b |||||||| |||| 00| 0 eng d
024 _a45711
037 _cTextual
040 _aSDCL
_cSDCL
_beng
041 _2eng
_aeng
082 _aO-,3M85x, N4
100 _aLawrence D H
_9396306
245 0 _aCollected stories.
260 _aLondon
_bDavid Campbell
_c1984
300 _a1397p.
_ccm.
490 _aEveryman's library.180.
942 _hO-,3M85x, N4
_cTEXL
_2CC
999 _c712012
_d712012